000 00748nam a2200253Ia 4500
003 OSt
005 20220928124428.0
006 a|||||r|||| 00| 0
007 ta
008 220927b |||||||| |||| 00| 0 eng d
020 _cIndian Rupees 495
024 _a139091
037 _bGift, 19/01/2019,
_cTextual
040 _aSDCL
_cSDCL
_beng
041 _2eng
_aeng
082 _aB, P6
100 _aOdifreddi Piergiorgio
_9465112
245 0 _aMathematical century
_b The 30 greatest problems of the last 100 years
260 _aHyderabad
_bUniversities Press
_c2006
300 _axvi,204p.
_ccm.
650 _aGift
_9391569
942 _hB, P6
_cTEXL
_2CC
999 _c777997
_d777997